[Event "Turniej Blitza na II Lidze Juniorów 2018"]
[Site "Szczyrk, Poland"]
[Date "????.??.??"]
[Round "9.69"]
[White "Ziolo, Oliwia"]
[Black "Kaminski, Jakub"]
[Result "1/2-1/2"]
[TimeControl "3'+2\""]
[WhiteElo "1095"]
[BlackElo "1147"]

1. e4 {[%clk 00:03:03]} e5 {[%clk 00:03:04]} 2. Nf3 {[%emt 00:00:01]} Nc6 3. d4
{[%clk 00:03:05]} {[%emt 00:00:01]} exd4 {[%clk 00:03:06]} {[%emt 00:00:01]} 4.
Nxd4 {[%clk 00:03:06]} {[%emt 00:00:01]} Nxd4 {[%clk 00:03:07]} 5. Qxd4 {[%clk
00:03:06]} {[%emt 00:00:02]} d6 {[%clk 00:03:01]} {[%emt 00:00:08]} 6. Nc3
{[%clk 00:03:07]} {[%emt 00:00:01]} Nf6 {[%clk 00:02:58]} {[%emt 00:00:05]} 7.
Be2 b6 {[%emt 00:00:04]} 8. Bg5 {[%clk 00:03:03]} {[%emt 00:00:02]} Be7 {[%clk
00:02:59]} {[%emt 00:00:03]} 9. f3 {[%clk 00:02:58]} {[%emt 00:00:08]} Bb7
{[%clk 00:02:58]} {[%emt 00:00:03]} 10. g4 {[%clk 00:02:51]} {[%emt 00:00:09]}
h6 {[%clk 00:02:56]} {[%emt 00:00:04]} 11. Bh4 {[%clk 00:02:50]} {[%emt
00:00:02]} Qd7 {[%clk 00:02:49]} {[%emt 00:00:07]} 12. O-O-O {[%clk 00:02:45]}
{[%emt 00:00:10]} O-O-O {[%clk 00:02:48]} {[%emt 00:00:03]} 13. e5 {[%clk
00:02:31]} {[%emt 00:00:15]} dxe5 {[%clk 00:02:41]} {[%emt 00:00:09]} 14. Qxe5
{[%clk 00:02:32]} {[%emt 00:00:02]} Bd6 {[%clk 00:02:39]} {[%emt 00:00:02]} 15.
Qd4 {[%clk 00:02:28]} {[%emt 00:00:06]} Bc5 {[%clk 00:02:05]} {[%emt 00:00:38]}
16. Qf4 {[%clk 00:02:19]} {[%emt 00:00:09]} Bd6 {[%clk 00:01:58]} {[%emt
00:00:09]} 17. Qd2 {[%clk 00:02:13]} {[%emt 00:00:09]} Qe6 {[%clk 00:01:51]}
{[%emt 00:00:07]} 18. Rhe1 {[%clk 00:02:13]} {[%emt 00:00:04]} Qd7 {[%clk
00:01:37]} {[%emt 00:00:16]} 19. Bb5 {[%clk 00:01:59]} {[%emt 00:00:16]} c6
{[%clk 00:01:29]} {[%emt 00:00:11]} 20. Bd3 {[%clk 00:01:58]} {[%emt 00:00:03]}
Qc7 {[%clk 00:01:16]} {[%emt 00:00:13]} 21. Bf5+ {[%clk 00:01:55]} {[%emt
00:00:06]} Kb8 {[%clk 00:01:14]} {[%emt 00:00:05]} 22. Qf2 {[%clk 00:01:36]}
{[%emt 00:00:20]} Bf4+ {[%clk 00:01:14]} {[%emt 00:00:02]} 23. Kb1 {[%clk
00:01:37]} {[%emt 00:00:03]} Rxd1+ {[%clk 00:01:12]} {[%emt 00:00:03]} 24. Rxd1
{[%clk 00:01:37]} {[%emt 00:00:02]} Rd8 {[%clk 00:01:05]} {[%emt 00:00:08]} 25.
Re1 {[%clk 00:01:37]} {[%emt 00:00:02]} Qd6 {[%clk 00:00:59]} {[%emt 00:00:06]}
26. a3 {[%clk 00:01:32]} {[%emt 00:00:11]} g5 {[%clk 00:00:51]} {[%emt
00:00:09]} 27. Bg3 {[%clk 00:01:32]} Bxg3 {[%clk 00:00:51]} {[%emt 00:00:02]}
28. hxg3 {[%clk 00:01:34]} {[%emt 00:00:01]} Nd5 {[%clk 00:00:51]} {[%emt
00:00:02]} 29. Nxd5 {[%clk 00:01:29]} {[%emt 00:00:06]} Qxd5 {[%clk 00:00:52]}
{[%emt 00:00:02]} 30. f4 {[%clk 00:01:26]} {[%emt 00:00:05]} f6 {[%clk
00:00:41]} {[%emt 00:00:12]} 31. Re6 {[%clk 00:01:19]} {[%emt 00:00:09]} Qd1+
{[%clk 00:00:42]} {[%emt 00:00:01]} 32. Ka2 {[%clk 00:01:21]} {[%emt 00:00:02]}
c5 {[%clk 00:00:39]} {[%emt 00:00:03]} 33. Rxf6 {[%clk 00:01:18]} {[%emt
00:00:06]} Bd5+ {[%clk 00:00:38]} {[%emt 00:00:03]} 34. b3 {[%clk 00:01:17]}
{[%emt 00:00:03]} c4 {[%clk 00:00:35]} {[%emt 00:00:03]} 35. Be6 {[%clk
00:01:09]} {[%emt 00:00:11]} cxb3+ {[%clk 00:00:35]} {[%emt 00:00:02]} 36. cxb3
{[%clk 00:01:09]} {[%emt 00:00:02]} Bxb3+ {[%clk 00:00:32]} {[%emt 00:00:06]}
37. Bxb3 {[%clk 00:01:09]} {[%emt 00:00:01]} Rd2+ {[%clk 00:00:32]} {[%emt
00:00:02]} 38. Qxd2 {[%clk 00:01:01]} {[%emt 00:00:10]} Qxd2+ {[%clk 00:00:33]}
39. Kb1 {[%clk 00:00:58]} {[%emt 00:00:05]} Qd3+ {[%clk 00:00:30]} {[%emt
00:00:05]} 40. Bc2 {[%clk 00:00:59]} {[%emt 00:00:03]} Qb5+ {[%clk 00:00:31]}
41. Kc1 {[%clk 00:00:59]} {[%emt 00:00:01]} gxf4 {[%clk 00:00:29]} {[%emt
00:00:04]} 42. gxf4 {[%clk 00:00:57]} {[%emt 00:00:05]} Qf1+ {[%clk 00:00:30]}
{[%emt 00:00:01]} 43. Kb2 {[%clk 00:00:58]} {[%emt 00:00:01]} Qb5+ {[%clk
00:00:29]} {[%emt 00:00:03]} 44. Kc1 {[%clk 00:00:59]} {[%emt 00:00:01]} h5
{[%emt 00:00:05]} 45. gxh5 {[%clk 00:00:53]} {[%emt 00:00:07]} Qxh5 {[%clk
00:00:27]} 46. Rf8+ {[%clk 00:00:51]} {[%emt 00:00:04]} Kb7 {[%clk 00:00:27]}
{[%emt 00:00:01]} 47. Be4+ {[%clk 00:00:50]} {[%emt 00:00:04]} Ka6 {[%clk
00:00:27]} 48. Bd3+ {[%clk 00:00:51]} {[%emt 00:00:02]} Kb7 {[%clk 00:00:12]}
{[%emt 00:00:17]} 49. Be4+ {[%clk 00:00:52]} {[%emt 00:00:02]} Ka6 {[%clk
00:00:13]} 50. Bd3+ {[%clk 00:00:53]} Kb7 {[%clk 00:00:14]} {[%emt 00:00:02]}
51. Be4+ {[%clk 00:00:55]} Kc7 {[%clk 00:00:13]} {[%emt 00:00:03]} 52. Rf5
{[%clk 00:00:47]} {[%emt 00:00:10]} 1/2-1/2

[Event "Turniej Blitza na II Lidze Juniorów 2018"]
[Site "Szczyrk, Poland"]
[Date "????.??.??"]
[Round "9.14"]
[White "Kukula, Karol"]
[Black "Trybus, Daniel"]
[Result "1/2-1/2"]
[TimeControl "3'+2\""]
[WhiteElo "1478"]
[BlackElo "1837"]

1. e4 {[%clk 00:03:02]} Nf6 {[%clk 00:03:03]} {[%emt 00:00:02]} 2. Nc3 {[%clk
00:03:03]} {[%emt 00:00:01]} d5 {[%clk 00:03:04]} 3. exd5 {[%clk 00:03:04]}
{[%emt 00:00:01]} Nxd5 {[%clk 00:03:06]} {[%emt 00:00:01]} 4. Nxd5 {[%clk
00:03:00]} {[%emt 00:00:06]} Qxd5 {[%clk 00:03:06]} {[%emt 00:00:02]} 5. Nf3
{[%clk 00:03:00]} {[%emt 00:00:01]} Bg4 {[%clk 00:03:07]} 6. Be2 {[%clk
00:03:01]} e6 {[%clk 00:03:08]} {[%emt 00:00:01]} 7. d4 {[%clk 00:02:59]}
{[%emt 00:00:04]} Nc6 {[%clk 00:03:09]} {[%emt 00:00:02]} 8. c3 {[%clk
00:03:00]} O-O-O {[%clk 00:03:05]} {[%emt 00:00:05]} 9. O-O {[%clk 00:02:57]}
{[%emt 00:00:05]} Bd6 {[%clk 00:03:04]} {[%emt 00:00:04]} 10. h3 {[%clk
00:02:52]} {[%emt 00:00:07]} Bh5 {[%clk 00:03:02]} {[%emt 00:00:04]} 11. Be3
{[%clk 00:02:42]} {[%emt 00:00:11]} Rhg8 {[%clk 00:02:47]} {[%emt 00:00:17]} 12.
Qb3 {[%clk 00:02:31]} {[%emt 00:00:12]} Ne7 {[%clk 00:02:28]} {[%emt 00:00:21]}
13. Qxd5 {[%clk 00:01:42]} {[%emt 00:00:52]} Nxd5 {[%clk 00:02:29]} {[%emt
00:00:01]} 14. Rfe1 {[%clk 00:01:42]} {[%emt 00:00:02]} Nf4 {[%emt 00:00:04]}
15. Bxf4 {[%clk 00:01:34]} {[%emt 00:00:08]} Bxf4 {[%clk 00:02:30]} {[%emt
00:00:01]} 16. Ne5 {[%clk 00:01:31]} {[%emt 00:00:05]} Bxe2 {[%clk 00:02:23]}
{[%emt 00:00:08]} 17. Rxe2 {[%clk 00:01:32]} Rgf8 {[%clk 00:02:18]} {[%emt
00:00:08]} 18. Re4 {[%clk 00:01:27]} {[%emt 00:00:07]} Bh6 {[%clk 00:02:19]}
{[%emt 00:00:01]} 19. Rae1 {[%clk 00:01:27]} {[%emt 00:00:02]} Rd5 {[%emt
00:00:06]} 20. Nf3 {[%clk 00:01:18]} {[%emt 00:00:09]} Ra5 {[%clk 00:02:17]}
{[%emt 00:00:02]} 21. a3 {[%clk 00:01:19]} {[%emt 00:00:01]} Rb5 {[%clk
00:02:17]} {[%emt 00:00:02]} 22. R1e2 {[%clk 00:01:20]} {[%emt 00:00:01]} Kd7
{[%clk 00:02:17]} {[%emt 00:00:02]} 23. Re5 {[%clk 00:01:21]} {[%emt 00:00:01]}
Kc6 {[%clk 00:02:15]} {[%emt 00:00:04]} 24. Kf1 {[%clk 00:01:04]} {[%emt
00:00:20]} Bf4 {[%clk 00:02:15]} {[%emt 00:00:01]} 25. Rxb5 {[%clk 00:01:03]}
{[%emt 00:00:04]} Kxb5 {[%clk 00:02:16]} 26. g3 {[%clk 00:00:51]} {[%emt
00:00:14]} Bd6 {[%clk 00:02:15]} {[%emt 00:00:02]} 27. Ke1 {[%clk 00:00:46]}
{[%emt 00:00:07]} Ka4 {[%clk 00:02:16]} {[%emt 00:00:01]} 28. Kd2 {[%clk
00:00:45]} {[%emt 00:00:03]} h6 {[%clk 00:02:08]} {[%emt 00:00:09]} 29. Kc2
{[%clk 00:00:45]} {[%emt 00:00:02]} Kb5 {[%clk 00:02:07]} {[%emt 00:00:03]} 30.
Ne5 {[%clk 00:00:42]} {[%emt 00:00:05]} c5 {[%clk 00:01:49]} {[%emt 00:00:20]}
31. dxc5 {[%clk 00:00:42]} {[%emt 00:00:02]} Bxc5 {[%clk 00:01:43]} {[%emt
00:00:09]} 32. Nd7 {[%clk 00:00:42]} Rd8 {[%clk 00:01:43]} {[%emt 00:00:01]} 33.
Nxc5 {[%clk 00:00:41]} {[%emt 00:00:03]} Kxc5 {[%clk 00:01:44]} {[%emt
00:00:02]} 34. Re5+ {[%clk 00:00:42]} {[%emt 00:00:01]} Kc6 {[%clk 00:01:41]}
{[%emt 00:00:05]} 35. h4 {[%clk 00:00:37]} {[%emt 00:00:07]} Rd6 {[%clk
00:01:41]} {[%emt 00:00:02]} 36. Re4 {[%clk 00:00:34]} {[%emt 00:00:05]} f6
{[%clk 00:01:33]} {[%emt 00:00:09]} 37. Rc4+ {[%clk 00:00:29]} {[%emt
00:00:08]} Kd7 {[%clk 00:01:33]} {[%emt 00:00:02]} 38. Ra4 {[%clk 00:00:25]}
{[%emt 00:00:06]} a6 {[%clk 00:01:31]} {[%emt 00:00:04]} 39. Rb4 {[%clk
00:00:27]} {[%emt 00:00:01]} Kc7 {[%clk 00:01:27]} {[%emt 00:00:04]} 40. Rc4+
{[%clk 00:00:28]} {[%emt 00:00:02]} Kd7 {[%clk 00:01:26]} {[%emt 00:00:04]} 41.
Rb4 {[%clk 00:00:28]} {[%emt 00:00:02]} Kc6 {[%clk 00:01:12]} {[%emt 00:00:15]}
42. Rc4+ {[%clk 00:00:29]} {[%emt 00:00:01]} Kd7 {[%clk 00:01:14]} 43. Rb4
{[%clk 00:00:30]} {[%emt 00:00:01]} b5 {[%clk 00:01:13]} {[%emt 00:00:02]} 44.
a4 {[%clk 00:00:31]} Kc6 {[%clk 00:01:14]} {[%emt 00:00:01]} 45. axb5+ {[%clk
00:00:32]} {[%emt 00:00:02]} axb5 {[%clk 00:01:15]} {[%emt 00:00:01]} 46. c4
{[%emt 00:00:01]} bxc4 {[%clk 00:01:14]} {[%emt 00:00:03]} 47. Rxc4+ {[%clk
00:00:34]} Kb7 {[%clk 00:01:13]} {[%emt 00:00:03]} 48. b4 {[%clk 00:00:35]}
{[%emt 00:00:02]} e5 {[%clk 00:01:13]} 49. Kc3 {[%clk 00:00:22]} {[%emt
00:00:15]} Rd1 {[%clk 00:01:04]} {[%emt 00:00:11]} 50. Kb3 {[%clk 00:00:23]}
{[%emt 00:00:01]} Rb1+ {[%clk 00:00:59]} {[%emt 00:00:07]} 51. Kc3 {[%clk
00:00:20]} {[%emt 00:00:05]} Rf1 {[%clk 00:00:57]} {[%emt 00:00:04]} 52. f4
{[%clk 00:00:17]} {[%emt 00:00:06]} Rf3+ {[%clk 00:00:57]} 53. Kb2 {[%clk
00:00:18]} Rxg3 {[%clk 00:00:53]} {[%emt 00:00:06]} 54. fxe5 {[%emt 00:00:03]}
fxe5 {[%clk 00:00:52]} {[%emt 00:00:01]} 55. Re4 {[%clk 00:00:21]} g5 {[%clk
00:00:45]} {[%emt 00:00:10]} 56. Rxe5 {[%clk 00:00:17]} {[%emt 00:00:06]} gxh4
{[%clk 00:00:36]} {[%emt 00:00:11]} 57. Rh5 {[%clk 00:00:18]} {[%emt 00:00:01]}
h3 {[%clk 00:00:36]} {[%emt 00:00:02]} 58. Rxh6 {[%clk 00:00:19]} Rg2+ {[%clk
00:00:36]} {[%emt 00:00:02]} 59. Kb3 {[%clk 00:00:19]} {[%emt 00:00:02]} h2
{[%clk 00:00:36]} {[%emt 00:00:01]} 60. Ka3 {[%clk 00:00:16]} {[%emt 00:00:04]}
Rd2 {[%clk 00:00:29]} {[%emt 00:00:09]} 61. Ka4 {[%clk 00:00:15]} {[%emt
00:00:04]} 1/2-1/2

[Event "Turniej Blitza na II Lidze Juniorów 2018"]
[Site "Szczyrk, Poland"]
[Date "????.??.??"]
[Round "9.43"]
[White "Gozdzicki, Maciej"]
[Black "Sidorczuk, Dominik"]
[Result "1-0"]
[TimeControl "3'+2\""]
[WhiteElo "1422"]
[BlackElo "1215"]

1. d4 {[%clk 00:03:03]} d5 {[%clk 00:03:04]} {[%emt 00:00:02]} 2. c4 {[%clk
00:03:05]} Bf5 {[%clk 00:02:59]} {[%emt 00:00:07]} 3. Nc3 {[%clk 00:03:03]}
{[%emt 00:00:04]} e6 {[%clk 00:03:00]} 4. Nf3 {[%clk 00:02:55]} {[%emt
00:00:09]} Nf6 {[%clk 00:02:59]} {[%emt 00:00:02]} 5. g3 {[%clk 00:02:56]} Nc6
{[%clk 00:03:00]} {[%emt 00:00:02]} 6. Bg5 {[%clk 00:02:53]} {[%emt 00:00:05]}
Bb4 {[%clk 00:03:01]} 7. cxd5 {[%clk 00:02:45]} {[%emt 00:00:10]} exd5 {[%clk
00:03:00]} {[%emt 00:00:03]} 8. Bg2 {[%clk 00:02:45]} {[%emt 00:00:02]} O-O
{[%clk 00:02:55]} {[%emt 00:00:07]} 9. O-O {[%clk 00:02:45]} {[%emt 00:00:02]}
h6 {[%clk 00:02:45]} {[%emt 00:00:12]} 10. Bxf6 {[%clk 00:02:46]} {[%emt
00:00:01]} Qxf6 {[%clk 00:02:43]} {[%emt 00:00:04]} 11. Nxd5 {[%clk 00:02:47]}
{[%emt 00:00:02]} Qd6 {[%clk 00:02:42]} {[%emt 00:00:02]} 12. Nxb4 {[%clk
00:02:48]} {[%emt 00:00:01]} Nxb4 {[%clk 00:02:43]} {[%emt 00:00:02]} 13. Ne5
{[%clk 00:02:39]} {[%emt 00:00:10]} Nc2 {[%clk 00:02:33]} {[%emt 00:00:13]} 14.
Rc1 {[%clk 00:02:40]} {[%emt 00:00:01]} Nxd4 {[%clk 00:02:33]} {[%emt
00:00:02]} 15. Nc4 {[%clk 00:02:40]} {[%emt 00:00:01]} Qc5 {[%clk 00:02:24]}
{[%emt 00:00:10]} 16. Ne3 {[%clk 00:02:33]} {[%emt 00:00:10]} Qe5 {[%clk
00:02:15]} {[%emt 00:00:11]} 17. Nxf5 {[%clk 00:02:22]} {[%emt 00:00:14]} Nxf5
{[%clk 00:02:16]} 18. b3 {[%clk 00:02:20]} {[%emt 00:00:03]} Rad8 {[%clk
00:02:16]} {[%emt 00:00:02]} 19. Qc2 {[%clk 00:02:22]} {[%emt 00:00:01]} Nd4
{[%clk 00:02:13]} {[%emt 00:00:04]} 20. Qxc7 {[%clk 00:01:56]} {[%emt
00:00:28]} Nxe2+ {[%clk 00:01:52]} {[%emt 00:00:23]} 21. Kh1 {[%clk 00:01:56]}
{[%emt 00:00:02]} Qb2 {[%clk 00:01:46]} {[%emt 00:00:08]} 22. Rc2 {[%clk
00:01:56]} {[%emt 00:00:03]} Nxg3+ {[%clk 00:01:18]} {[%emt 00:00:30]} 23. fxg3
{[%clk 00:01:53]} {[%emt 00:00:04]} Qd4 {[%clk 00:01:16]} {[%emt 00:00:04]} 24.
Rcf2 {[%clk 00:01:48]} {[%emt 00:00:07]} f6 {[%clk 00:01:14]} {[%emt 00:00:04]}
25. Qxb7 {[%clk 00:01:47]} {[%emt 00:00:03]} Rfe8 {[%clk 00:01:14]} {[%emt
00:00:01]} 26. Qb5 {[%clk 00:01:29]} {[%emt 00:00:20]} Re5 {[%clk 00:01:15]}
{[%emt 00:00:02]} 27. Qc4+ {[%clk 00:01:25]} {[%emt 00:00:06]} Qxc4 {[%clk
00:01:08]} {[%emt 00:00:09]} 28. bxc4 {[%clk 00:01:26]} {[%emt 00:00:01]} Rc5
{[%clk 00:01:08]} {[%emt 00:00:02]} 29. Bd5+ {[%clk 00:01:27]} {[%emt
00:00:01]} Kf8 {[%clk 00:01:07]} {[%emt 00:00:03]} 30. Rb2 {[%clk 00:01:27]}
{[%emt 00:00:02]} Re8 {[%clk 00:01:06]} {[%emt 00:00:03]} 31. Rfb1 {[%clk
00:01:26]} {[%emt 00:00:03]} Re2 {[%clk 00:01:04]} {[%emt 00:00:03]} 32. Rxe2
{[%clk 00:01:26]} {[%emt 00:00:02]} 1-0

[Event "Turniej Blitza na II Lidze Juniorów 2018"]
[Site "Szczyrk, Poland"]
[Date "????.??.??"]
[Round "9.45"]
[White "Krawczyk, Flawian"]
[Black "Pisarek, Jan"]
[Result "1-0"]
[TimeControl "3'+2\""]
[WhiteElo "1372"]
[BlackElo "1136"]

1. g3 {[%clk 00:03:02]} {[%emt 00:00:01]} g6 {[%clk 00:03:03]} {[%emt
00:00:02]} 2. Bg2 {[%clk 00:03:03]} {[%emt 00:00:01]} Bg7 {[%clk 00:03:04]} 3.
Nf3 {[%clk 00:03:04]} c6 {[%clk 00:03:05]} {[%emt 00:00:02]} 4. d3 {[%clk
00:03:03]} {[%emt 00:00:03]} d6 {[%clk 00:03:06]} 5. e4 {[%clk 00:03:02]}
{[%emt 00:00:03]} e5 {[%clk 00:03:07]} {[%emt 00:00:02]} 6. O-O {[%clk
00:03:00]} {[%emt 00:00:03]} Ne7 {[%clk 00:03:08]} {[%emt 00:00:02]} 7. Nc3
{[%clk 00:02:58]} {[%emt 00:00:04]} O-O {[%clk 00:03:08]} {[%emt 00:00:02]} 8.
Be3 {[%clk 00:02:52]} {[%emt 00:00:08]} f5 {[%clk 00:03:08]} {[%emt 00:00:02]}
9. Bg5 {[%clk 00:02:38]} {[%emt 00:00:15]} h6 {[%clk 00:03:03]} {[%emt
00:00:07]} 10. Bxe7 {[%clk 00:02:39]} {[%emt 00:00:01]} Qxe7 {[%clk 00:03:04]}
{[%emt 00:00:02]} 11. exf5 {[%clk 00:02:36]} {[%emt 00:00:05]} Bxf5 {[%clk
00:03:05]} 12. Re1 {[%clk 00:02:35]} {[%emt 00:00:02]} Nd7 {[%clk 00:03:05]}
{[%emt 00:00:02]} 13. d4 {[%clk 00:02:36]} {[%emt 00:00:02]} e4 {[%clk
00:02:50]} {[%emt 00:00:17]} 14. Nd2 {[%clk 00:02:34]} {[%emt 00:00:03]} d5
{[%clk 00:02:51]} {[%emt 00:00:02]} 15. Nb3 {[%clk 00:02:28]} {[%emt 00:00:07]}
Qd6 {[%clk 00:02:40]} {[%emt 00:00:13]} 16. Ne2 {[%clk 00:02:13]} {[%emt
00:00:17]} Bg4 {[%clk 00:02:38]} {[%emt 00:00:04]} 17. c3 {[%clk 00:02:12]}
{[%emt 00:00:03]} Bf3 {[%clk 00:02:33]} {[%emt 00:00:07]} 18. Qd2 {[%clk
00:02:10]} {[%emt 00:00:04]} Bxg2 {[%clk 00:02:27]} {[%emt 00:00:09]} 19. Kxg2
{[%clk 00:02:10]} {[%emt 00:00:01]} Qf6 {[%clk 00:02:26]} {[%emt 00:00:03]} 20.
Qf4 {[%clk 00:02:10]} {[%emt 00:00:01]} g5 {[%clk 00:02:23]} {[%emt 00:00:06]}
21. Qxf6 {[%clk 00:02:10]} {[%emt 00:00:02]} Rxf6 {[%clk 00:02:14]} {[%emt
00:00:11]} 22. Rf1 {[%clk 00:01:59]} {[%emt 00:00:13]} Raf8 {[%clk 00:02:14]}
{[%emt 00:00:02]} 23. Na5 {[%clk 00:01:58]} {[%emt 00:00:03]} b6 {[%clk
00:02:14]} {[%emt 00:00:02]} 24. Nb3 {[%clk 00:01:58]} {[%emt 00:00:02]} Rf3
{[%clk 00:02:10]} {[%emt 00:00:06]} 25. a4 {[%clk 00:01:53]} {[%emt 00:00:08]}
e3 {[%clk 00:01:46]} {[%emt 00:00:25]} 26. fxe3 {[%clk 00:01:40]} {[%emt
00:00:15]} Rxe3 {[%clk 00:01:47]} {[%emt 00:00:01]} 27. Rxf8+ {[%clk 00:01:37]}
{[%emt 00:00:05]} Bxf8 {[%clk 00:01:37]} {[%emt 00:00:13]} 28. Kf2 {[%clk
00:01:37]} Re6 {[%clk 00:01:23]} {[%emt 00:00:16]} 29. a5 {[%clk 00:01:37]}
{[%emt 00:00:02]} Bd6 {[%clk 00:01:13]} {[%emt 00:00:13]} 30. axb6 {[%clk
00:01:35]} {[%emt 00:00:04]} axb6 {[%clk 00:01:12]} {[%emt 00:00:03]} 31. Ra7
{[%clk 00:01:29]} {[%emt 00:00:08]} Re7 {[%clk 00:01:06]} {[%emt 00:00:08]} 32.
Rb7 {[%clk 00:01:19]} {[%emt 00:00:11]} Kf7 {[%clk 00:00:41]} {[%emt 00:00:27]}
33. Ng1 {[%clk 00:01:12]} {[%emt 00:00:08]} c5 {[%clk 00:00:36]} {[%emt
00:00:08]} 34. Nf3 {[%clk 00:01:00]} {[%emt 00:00:13]} cxd4 {[%clk 00:00:34]}
{[%emt 00:00:05]} 35. Nbxd4 {[%clk 00:00:59]} {[%emt 00:00:03]} Bc5 {[%clk
00:00:35]} {[%emt 00:00:02]} 36. Kg2 {[%clk 00:00:58]} {[%emt 00:00:03]} Bxd4
{[%clk 00:00:31]} {[%emt 00:00:06]} 37. Nxd4 {[%clk 00:00:58]} {[%emt
00:00:01]} Nc5 {[%clk 00:00:22]} {[%emt 00:00:11]} 38. Rxb6 {[%clk 00:00:58]}
{[%emt 00:00:02]} Ne6 {[%clk 00:00:16]} {[%emt 00:00:08]} 39. Nxe6 Rxe6 {[%clk
00:00:17]} 40. Rxe6 {[%clk 00:00:59]} Kxe6 {[%clk 00:00:17]} {[%emt 00:00:01]}
41. Kf3 {[%clk 00:01:00]} {[%emt 00:00:01]} Ke5 {[%clk 00:00:18]} {[%emt
00:00:02]} 42. b4 {[%clk 00:00:57]} {[%emt 00:00:04]} d4 {[%clk 00:00:17]}
{[%emt 00:00:03]} 43. cxd4+ Kxd4 {[%clk 00:00:18]} 44. Kg4 {[%clk 00:00:59]}
{[%emt 00:00:01]} Kc4 {[%clk 00:00:19]} {[%emt 00:00:02]} 45. Kh5 {[%clk
00:01:00]} Kxb4 {[%clk 00:00:20]} {[%emt 00:00:01]} 46. Kxh6 {[%clk 00:01:00]}
g4 {[%emt 00:00:02]} 47. Kg5 {[%clk 00:01:00]} Kc4 {[%clk 00:00:23]} {[%emt
00:00:01]} 48. Kxg4 {[%clk 00:01:01]} {[%emt 00:00:01]} Kd5 {[%clk 00:00:24]}
{[%emt 00:00:02]} 49. h4 {[%clk 00:01:01]} Ke6 {[%clk 00:00:25]} 50. Kg5 {[%clk
00:01:02]} {[%emt 00:00:02]} Kf7 {[%clk 00:00:26]} 51. h5 {[%clk 00:01:04]} Kg8
{[%clk 00:00:28]} {[%emt 00:00:01]} 52. Kf6 {[%clk 00:01:05]} {[%emt 00:00:01]}
Kh8 {[%clk 00:00:29]} 53. g4 {[%clk 00:01:06]} Kg8 {[%clk 00:00:30]} 54. g5
{[%clk 00:01:07]} {[%emt 00:00:01]} Kh8 {[%clk 00:00:31]} {[%emt 00:00:01]} 55.
g6 {[%clk 00:01:07]} {[%emt 00:00:02]} Kg8 {[%clk 00:00:30]} {[%emt 00:00:03]}
56. g7 {[%clk 00:01:06]} {[%emt 00:00:03]} Kh7 {[%clk 00:00:31]} 57. Kf7 {[%clk
00:01:07]} Kh6 {[%clk 00:00:31]} {[%emt 00:00:02]} 58. g8=Q {[%clk 00:01:08]}
{[%emt 00:00:02]} Kxh5 {[%emt 00:00:04]} 59. Kf6 {[%clk 00:01:09]} Kh4 {[%clk
00:00:33]} 60. Kf5 {[%clk 00:01:10]} Kh3 {[%clk 00:00:34]} 61. Kf4 {[%clk
00:01:11]} {[%emt 00:00:01]} Kh2 {[%clk 00:00:35]} 62. Kf3 {[%clk 00:01:13]}
Kh1 {[%clk 00:00:37]} 63. Qg2# {[%emt 00:00:05]} 1-0

[Event "Turniej Blitza na II Lidze Juniorów 2018"]
[Site "Szczyrk, Poland"]
[Date "????.??.??"]
[Round "9.4"]
[White "Adamski, Jan"]
[Black "Buraczewski, Rafal"]
[Result "1-0"]
[TimeControl "3'+2\""]
[WhiteTitle "IM"]
[WhiteElo "2160"]
[BlackElo "1927"]

1. Nf3 {[%clk 00:03:03]} {[%emt 00:00:01]} Nf6 {[%clk 00:03:03]} {[%emt
00:00:01]} 2. c4 {[%clk 00:03:04]} c6 {[%clk 00:03:02]} {[%emt 00:00:03]} 3.
Nc3 {[%clk 00:03:04]} {[%emt 00:00:02]} d5 {[%clk 00:03:03]} 4. e3 {[%clk
00:03:05]} {[%emt 00:00:02]} Bg4 {[%clk 00:02:58]} {[%emt 00:00:07]} 5. cxd5
{[%clk 00:03:02]} {[%emt 00:00:05]} Nxd5 {[%clk 00:02:58]} {[%emt 00:00:02]} 6.
Qb3 {[%clk 00:02:51]} {[%emt 00:00:13]} Nb6 {[%clk 00:02:13]} {[%emt 00:00:47]}
7. Be2 {[%clk 00:02:46]} {[%emt 00:00:08]} e6 {[%clk 00:02:04]} {[%emt
00:00:10]} 8. d4 {[%clk 00:02:44]} {[%emt 00:00:04]} Bd6 {[%clk 00:02:00]}
{[%emt 00:00:05]} 9. O-O {[%clk 00:02:44]} {[%emt 00:00:03]} O-O {[%clk
00:01:59]} {[%emt 00:00:03]} 10. Rd1 {[%clk 00:02:44]} {[%emt 00:00:01]} N8d7
{[%clk 00:01:59]} {[%emt 00:00:03]} 11. e4 {[%clk 00:02:43]} {[%emt 00:00:03]}
c5 {[%clk 00:00:59]} {[%emt 00:01:02]} 12. Be3 {[%clk 00:02:09]} {[%emt
00:00:37]} cxd4 {[%clk 00:00:45]} {[%emt 00:00:15]} 13. Nxd4 {[%clk 00:02:03]}
{[%emt 00:00:07]} Bxe2 {[%clk 00:00:42]} {[%emt 00:00:05]} 14. Ndxe2 {[%clk
00:02:02]} {[%emt 00:00:03]} Qe7 {[%clk 00:00:39]} {[%emt 00:00:06]} 15. a4
{[%clk 00:01:51]} {[%emt 00:00:13]} Bc5 {[%clk 00:00:39]} {[%emt 00:00:02]} 16.
a5 {[%clk 00:01:40]} {[%emt 00:00:13]} Bxe3 {[%clk 00:00:39]} {[%emt 00:00:02]}
17. fxe3 {[%clk 00:01:41]} {[%emt 00:00:01]} Nc5 {[%clk 00:00:39]} {[%emt
00:00:02]} 18. Qb4 {[%clk 00:01:33]} {[%emt 00:00:10]} Nbd7 {[%clk 00:00:26]}
{[%emt 00:00:15]} 19. Rxd7 {[%clk 00:01:34]} {[%emt 00:00:01]} Qxd7 {[%clk
00:00:28]} 20. Qxc5 {[%clk 00:01:34]} {[%emt 00:00:02]} Rfc8 {[%clk 00:00:27]}
{[%emt 00:00:03]} 21. Qd4 {[%clk 00:01:34]} {[%emt 00:00:02]} Qe7 {[%clk
00:00:27]} {[%emt 00:00:02]} 22. e5 {[%clk 00:01:23]} {[%emt 00:00:13]} Rd8
{[%clk 00:00:27]} {[%emt 00:00:02]} 23. Qe4 {[%clk 00:01:18]} {[%emt 00:00:07]}
Rd2 {[%clk 00:00:26]} {[%emt 00:00:02]} 24. Nd4 {[%clk 00:01:00]} {[%emt
00:00:21]} Rxb2 {[%clk 00:00:23]} {[%emt 00:00:05]} 25. a6 {[%clk 00:00:51]}
{[%emt 00:00:11]} Rc8 {[%clk 00:00:22]} {[%emt 00:00:03]} 26. axb7 {[%clk
00:00:45]} {[%emt 00:00:08]} Rxb7 {[%clk 00:00:22]} {[%emt 00:00:02]} 27. Ncb5
{[%clk 00:00:41]} {[%emt 00:00:05]} Rb6 {[%clk 00:00:15]} {[%emt 00:00:09]} 28.
Nd6 {[%clk 00:00:41]} {[%emt 00:00:02]} Rcb8 {[%clk 00:00:16]} 29. Nc6 {[%clk
00:00:40]} {[%emt 00:00:03]} 1-0